Riconosci il Pokémon - Quiz n°120 - Statistics

Statistiche generali
  • Questo quiz è stato fatto 4 volte
  • Il punteggio medio è 8 su 10
Statistiche sulle risposte
Indizio Risposta % Corretto
Tipo Coleottero / Veleno
100%
Generazione Prima
100%
Stadio evoluzione Prima evoluzione
100%
Peso 12,5 kg
67%
Altezza 1,5 m
67%
Sesso 50% ♂, 50% ♀
67%
Tasso di cattura 75 (17.5%)
67%
Tasso di allevamento Medio-Veloce
67%
Abilità Polvoscudo; Lentifumé; Splendicute
67%
Pokémon Venomoth
67%
Nessun quiz corrispondente trovato
Distribuzione punteggi
Percentuale di utenti per punteggio
Percentile per numero di risposta
I tuoi punteggi nel tempo
Non hai fatto questo quiz